LEADER 00785nam a2200193 i 4500 001 000000079749 003 CaOOAMICUS 005 20170420000000.0 008 170420s1828 it u000 u ita u 013 $a51986 026 $aadle a.ai lar- veIl (7) 1828 (A) 040 $aSeMil$bita 245 10$aParte 1. 300 $a225, [1] p., [1] c. di tav. :$britr. 773 0 $tStoria di Napoleone compilata sulle di lui proprie memorie da Leonardo Gallois. Prima volgarizzazione italiana sulla terza edizioe [!] francese.$dLugano : Co' tipi di G. Ruggia e C., 1828.$g1$w()33625 850 $aSeMil 852 $aSeMil$W1$xVenegono$y1$m3T I 138 FA$j45382$B45382$CSeMilBibl$Z2$F47345 $8I 961 $aRecupero: Seminario del Duomo 996 $6245$aParte 1$9(OLS)http://semarc/title/49080 LEADER 00707nam a2200205 i 4500 001 000000220992 003 CaOOAMICUS 005 20260226111212.0 008 130611s1795 xx u000 u fre u 013 $a199889 026 $as.et eti- V.I. (d(c (7) 1795 (A) 040 $aSeMil$bita 245 10$aTome 2. 300 $a291 p. 500 $aSegn.: A-2A6 chi2. 773 0 $aCondillac, Étienne : Bonnot de <1714-1780>$tOeuvres philosophiques de Condillac. Tome 1. [-6.].$dA Paris : Chez Dufart, 1795 An 3..$g2$w()4044 850 $aSeMil 852 $aSeMil$W1$xVenegono$y1$m2O I 140 FA$j171346$B171346$CSeMilBibl$Z2$F181825 $8I 996 $6245$aTome 2$9(OLS)http://semarc/title/1533